| 000 -LEADER |
| fixed length control field |
02466nam a2200337 a 4500 |
| 001 - CONTROL NUMBER |
| control field |
ASIN0080966721 |
| 003 - CONTROL NUMBER IDENTIFIER |
| control field |
Nust- CAS-E |
| 005 - DATE AND TIME OF LATEST TRANSACTION |
| control field |
20180118181356.0 |
| 008 - FIXED-LENGTH DATA ELEMENTS--GENERAL INFORMATION |
| fixed length control field |
140305s2011 xxu eng d |
| 020 ## - INTERNATIONAL STANDARD BOOK NUMBER |
| International Standard Book Number |
0080966721 |
| Terms of availability |
$69.95 |
| 020 ## - INTERNATIONAL STANDARD BOOK NUMBER |
| International Standard Book Number |
9780080966724 |
| 040 ## - CATALOGING SOURCE |
| Transcribing agency |
0 |
| 050 04 - LIBRARY OF CONGRESS CALL NUMBER |
| Classification number |
QD921 |
| 050 04 - LIBRARY OF CONGRESS CALL NUMBER |
| Classification number |
QD921 |
| 050 04 - LIBRARY OF CONGRESS CALL NUMBER |
| Classification number |
QD921 |
| 050 04 - LIBRARY OF CONGRESS CALL NUMBER |
| Classification number |
QD921 |
| 082 04 - DEWEY DECIMAL CLASSIFICATION NUMBER |
| Classification number |
548.842 |
| Author Mark |
HUL 2011 |
| 100 1# - MAIN ENTRY--PERSONAL NAME |
| Personal name |
Cambridge, Derek Hull Emeritus Goldsmith's Professor University of. |
| 245 10 - TITLE STATEMENT |
| Title |
Introduction to dislocations, fifth edition / |
| Statement of responsibility, etc. |
Derek Hull Emeritus Goldsmith's Professor University of Cambridge, D. J. Bacon. |
| 250 ## - EDITION STATEMENT |
| Edition statement |
5th ed. |
| 260 ## - PUBLICATION, DISTRIBUTION, ETC. |
| Place of publication, distribution, etc. |
[S.l.] : |
| Name of publisher, distributor, etc. |
Butterworth-Heinemann, |
| Date of publication, distribution, etc. |
2011. |
| 300 ## - PHYSICAL DESCRIPTION |
| Extent |
272 p. ; |
| Dimensions |
24 cm. |
| 520 ## - SUMMARY, ETC. |
| Summary, etc. |
Dislocations are defects in the crystal structure of important engineering materials, such as metals, ceramics and semi-conductors, that strongly influence the properties of these materials. Research on dislocations was intense when the first edition of this classic work was published in the 1960s. By incorporating later developments in subsequent editions whilst retaining a concise, accessible style, Introduction to Dislocations has become established as a key resource for students, graduates and researchers. No other book on the topic is as credible and, with this new edition, as up-to-date. Introduction to Dislocations is widely recognized to provide the essential knowledge base required for further study, research and technological application in the field. This update brings the book's coverage, references and context in line with the latest developments to ensure it remains a core reference for all those studying and working in the field today. Long-established academic reference by an expert author team, highly regarded for their contributions to the field. Uses minimal mathematics to present theory and applications in a detailed yet easy-to-read manner, making this an understandable introduction to a complex topic. Unlike the main competition, this new edition includes recent developments in the subject and up-to-date references to further reading and research sources. |
| 650 #0 - SUBJECT ADDED ENTRY--TOPICAL TERM |
| Topical term or geographic name entry element |
Dislocations in crystals |
| 650 #0 - SUBJECT ADDED ENTRY--TOPICAL TERM |
| Topical term or geographic name entry element |
Dislocations in crystals |
| 650 #0 - SUBJECT ADDED ENTRY--TOPICAL TERM |
| Topical term or geographic name entry element |
Dislocations in crystals |
| 650 #0 - SUBJECT ADDED ENTRY--TOPICAL TERM |
| Topical term or geographic name entry element |
Dislocations in crystals |
| 700 1# - ADDED ENTRY--PERSONAL NAME |
| Personal name |
Bacon, D. J. |
| 856 40 - ELECTRONIC LOCATION AND ACCESS |
| Materials specified |
Amazon.com |
| Uniform Resource Identifier |
<a href="http://www.amazon.com/exec/obidos/ASIN/0080966721/chopaconline-20">http://www.amazon.com/exec/obidos/ASIN/0080966721/chopaconline-20</a> |
| 942 ## - ADDED ENTRY ELEMENTS (KOHA) |
| Source of classification or shelving scheme |
|
| Koha item type |
Book |